Guess the flag carrier airline - Statistics

General Stats
  • This quiz has been taken 27 times
  • The average score is 12 of 25
Answer Stats
Hint Answer % Correct
Flag carrier of the United states American airlines
87%
Flag carrier of spain Iberia
87%
Flag carrier of india Air india
83%
Flag carrier of finland Finnair
78%
Flag carrier of scnadavia SAS
78%
Flag carrier of ireland Aer Lingus
65%
Flag carrier of Mexico Aeròmexico
65%
Flag carrier of china Air china
61%
Flag carrier of italy ITA Airways
61%
Flag carrier of Japan Japan Air Lines
57%
Flag carrier of hawaii Hawaiian Airlines
52%
Flag carrier of Bahrain Gulf air
48%
Flag carrier of greenland Air greenland
43%
Flag carrier of pakistan PIA
43%
Flag carrier of algeria Air Algerie
39%
Flag carrier of Australia Qantas Airways
39%
Flag carrier of croatia Croatia Airlines
35%
Flag carrier of ukraine Ukraine International Airlines
35%
Flag carrier of switzelrand Swiss International air lines
30%
Flag carrier of new caledonia AirCalin
22%
Flag carrier of myanma[Burma] Myanmar National Airlines
22%
Flag carrier of palau Alii Palau Airlines
13%
Flag carrier of Czechia CSA Czech Airlines
13%
Flag carrier of puerto rico Prinair
13%
Flag carrier of Cook Islands Air Ratonga
9%
No matching quizzes found
Score Distribution
Percent of People with Each Score
Percentile by Number Answered
Your Score History
You have not taken this quiz